Conflitto delle interpretazioni (Il) (Record n. 65299)

Dettagli MARC
000 -LEADER
fixed length control field 01599nam a2200325Ia 4500
001 - CONTROL NUMBER
control field 18818
003 - CONTROL NUMBER IDENTIFIER
control field IT-RoPAU
008 - FIXED-LENGTH DATA ELEMENTS--GENERAL INFORMATION
fixed length control field 130308s9999 xx 000 0 und d
040 ## - CATALOGING SOURCE
Original cataloging agency IT-RoPAU
040 ## - CATALOGING SOURCE
Transcribing agency IT-RoPAU
041 ## - LANGUAGE CODE
Language code of text/sound track or separate title ITALIANO
999 ## - SYSTEM CONTROL NUMBERS (KOHA)
Koha Dewey Subclass [OBSOLETE] SI
100 ## - MAIN ENTRY--PERSONAL NAME
Personal name Ricoeur Paul
100 ## - MAIN ENTRY--PERSONAL NAME
Miscellaneous information Codice Aut. SPICS: 2052
240 ## - UNIFORM TITLE
Uniform title CONFLIT DES INTERPRETATIONS (LE)
240 ## - UNIFORM TITLE
Miscellaneous information Codice Tit. Orig. Spics: T0784
245 ## - TITLE STATEMENT
Title Conflitto delle interpretazioni (Il)
245 ## - TITLE STATEMENT
Remainder of title Conflitto delle Interpretazioni (Il)
250 ## - EDITION STATEMENT
Edition statement 1a ed.
260 ## - PUBLICATION, DISTRIBUTION, ETC. (IMPRINT)
Place of publication, distribution, etc. MILANO
260 ## - PUBLICATION, DISTRIBUTION, ETC. (IMPRINT)
Name of publisher, distributor, etc. Jaca Book
260 ## - PUBLICATION, DISTRIBUTION, ETC. (IMPRINT)
Date of publication, distribution, etc. 1977 [1° Ed.:1977 - Ed.Ling.Originale:1969]
300 ## - PHYSICAL DESCRIPTION
Extent "524 p. (prefazione: 6; testo: 518)"
500 ## - GENERAL NOTE
General note Prefazione di Armando Rigobello Esistenza ed Ermeneutica Ermeneutica e Strutturalismo Struttura ed Ermeneutica doppio Senso Come Problema Ermeneutico e semantico Struttura Parola Avvenimento Ermeneutica e Psicanalisi Conscio e inconscio Psicanalisi Movimento e Cultura Contemporanea Interpretazione Filosofica di Freud Tecnica e Non Tecnica nell'Interpretazione Arte e Sistematica freudiana Ermeneutica e fenomenologia Atto e Segno Secondo Jean Nabert Heidegger e Questione del Soggetto Simbolica del Male peccato Originale Ermeneutica dei Simboli e Riflessione Filosofica Interpretazione del Mito Alla Pena Religione e fede Prefazione a Bultman Libertà Secondo la Speranzacolpa Etica e Religione Religione Ateismo fede Paternità dal fantasma al Simbolo
650 ## - SUBJECT ADDED ENTRY--TOPICAL TERM
Topical term or geographic name as entry element EPISTEMOLOGIA
650 ## - SUBJECT ADDED ENTRY--TOPICAL TERM
Relator term Codice materia Spics: 3051
942 ## - ADDED ENTRY ELEMENTS (KOHA)
Koha item type LIBRO
957 ## -
-- 1
999 ## - SYSTEM CONTROL NUMBERS (KOHA)
-- 1
Dati di copia
Withdrawn status Lost status Damaged status Not for loan Home library Current library Date acquired Total Checkouts Full call number Date last seen Price effective from Koha item type Public note
    Buone Condizioni Not For Loan SPICS-MEDIATECA SPICS-MEDIATECA 08/03/2013   18818 08/03/2013 08/03/2013 LIBRO Progressivo inserimento: 1016 / N. Volumi: 1 Copie: 1 Copia Rara: SI / data import: 1 marzo 2013 - By Epidotti, Trombetti, Vaglietti.
CREDITS: SOCIETA' SAN PAOLO Via A.Severo, 58 - ROMA (RM) & PERIODICI SAN PAOLO SRL Via Giotto, 36 MILANO & CISF Via Giotto, 36 MILANO & EDIZIONI SAN PAOLO SRL,  Piazza Soncino, 5 CINISELLO BALSAMO (MI) -- ITALY